Community, conflict and the state : rethinking notions of 'safety', 'cohesion' and 'wellbeing' /

Bibliographic Details
Main Author: Cooper, Charlie, 1952-
Format: Book
Language:English
Published: Basingstoke [England] ; New York : Palgrave Macmillan, 2008.
Subjects:

MARC

Tag First Indicator Second Indicator Subfields
LEADER 00000cam a22000004a 4500
001 in00002434921
005 20151109200130.0
008 080507s2008 enk b 001 0 eng
010 |a  2008020796 
019 |a 148906848 
020 |a 9781403998323 
020 |a 1403998329 
035 |a (OCoLC)ocn227574018 
035 |a (OCoLC)227574018  |z (OCoLC)148906848 
040 |a DLC  |c DLC  |d BAKER  |d BTCTA  |d YDXCP  |d OCLCG  |d BWKUK  |d BWK  |d BWX  |d CDX  |d UtOrBLW 
043 |a e-uk--- 
049 |a TXAM 
050 0 0 |a HM756  |b .C66 2008 
082 0 0 |a 307.0941/09051  |2 22 
100 1 |a Cooper, Charlie,  |d 1952- 
245 1 0 |a Community, conflict and the state :  |b rethinking notions of 'safety', 'cohesion' and 'wellbeing' /  |c Charlie Cooper. 
264 1 |a Basingstoke [England] ;  |a New York :  |b Palgrave Macmillan,  |c 2008. 
300 |a viii, 264 pages ;  |c 23 cm. 
336 |a text  |b txt  |2 rdacontent 
337 |a unmediated  |b n  |2 rdamedia 
338 |a volume  |b nc  |2 rdacarrier 
504 |a Includes bibliographical references (pages 238-253) and index. 
505 0 |a 'Community', 'conflict' and the state : the historical field -- Concepts of 'community' and 'conflict' -- New labour, community safety, cohesion and wellbeing -- Rethinking community safety, cohesion and wellbeing -- Summary and conclusions : community wellbeing for all? 
650 0 |a Communities  |z Great Britain. 
650 0 |a Quality of life  |z Great Britain. 
651 0 |a Great Britain  |x Social policy. 
650 0 |a Social values  |z Great Britain. 
650 0 |a State, The. 
938 |a Baker & Taylor  |b BKTY  |c 85.00  |d 85.00  |i 1403998329  |n 0007155878  |s active 
938 |a Baker and Taylor  |b BTCP  |n 2008020796 
938 |a YBP Library Services  |b YANK  |n 2738596 
938 |a Blackwell Book Service UK  |b BBUK  |n L5799250  |c 50.00 
938 |a Blackwell Book Service  |b BBUS  |n R4745889  |c $85.00 
938 |a Coutts Information Services  |b COUT  |n 6536558 
945 |a PromptCat  |b 567162 
946 |a stk 
947 |a A14836689237 
994 |a 92  |b TXA 
948 |a cataloged  |b h  |d 2008/12/4  |h c  |e asalazar  |f 3:07:17 pm 
999 |a MARS 
999 f f |s 13d13fa0-c03b-3cfa-bf62-8ea3a95dd3b0  |i cb437d18-43c1-30b9-9428-8dbbc11507fa  |t 0 
952 f f |p normal  |a Texas A&M University  |b College Station  |c Sterling C. Evans Library  |d Evans: Library Stacks  |t 0  |e HM756 .C66 2008  |h Library of Congress classification  |i unmediated -- volume  |m A14836689237 
998 f f |a HM756 .C66 2008  |t 0  |l Evans: Library Stacks